Sports Quiz

Random Sports Quiz

Every Premier League Footballer - Q Quiz Stats

Quiz not verified by Sporcle

Challenge
Share
Tweet
Embed
Score 0/11 Timer 02:00
0 Plays Today
Club Player % Correct
Sheff WedAlan Quinn
92.9%
CoventryBarry Quinn
92.9%
CoventryMick Quinn
92.9%
SunderlandNiall Quinn
92.9%
HullStephen Quinn
92.9%
C.PalaceRob Quinn
91.7%
NewcastleWayne Quinn
91.7%
MiddlesbroughFranck Queudrue
71.4%
PortsmouthNigel Quashie
61.9%
ChelseaRicardo Quaresma
59.5%
Man CityMichael Quigley
21.4%

You're not logged in!

Compare scores with friends on all Sporcle quizzes.
Sign Up with Email
OR
Log In

You Might Also Like...

Show Comments

Extras

Top Quizzes Today


Score Distribution

Your Account Isn't Verified!

In order to create a playlist on Sporcle, you need to verify the email address you used during registration. Go to your Sporcle Settings to finish the process.